Confronting corruption (Record no. 110682)

MARC details
000 -LEADER
fixed length control field 00894cad a22002055a 4500
001 - CONTROL NUMBER
control field L149942
008 - FIXED-LENGTH DATA ELEMENTS--GENERAL INFORMATION
fixed length control field 100519s2010 xxk f 000 0 eng d
035 ## - SYSTEM CONTROL NUMBER
System control number (Sirsi) u149942
041 0# - LANGUAGE CODE
Language code of text/sound track or separate title eng
050 04 - LIBRARY OF CONGRESS CALL NUMBER
Classification number 690 $1 8
110 2# - MAIN ENTRY--CORPORATE NAME
Corporate name or jurisdiction name as entry element PriceWaterhouseCoopers
9 (RLIN) 3793
245 00 - TITLE STATEMENT
Title Confronting corruption
Remainder of title the business case for an effective anti-corruption programme
Medium [electronic resource]
260 ## - PUBLICATION, DISTRIBUTION, ETC.
Place of publication, distribution, etc. London
Name of publisher, distributor, etc. PricewaterhouseCoopers
Date of publication, distribution, etc. 2008
520 ## - SUMMARY, ETC.
Summary, etc. Global analysis and commentary exploring corruption in the private sector; managing corruption risk proactively; a road map for implementing effective anti-corruption programmes; references to the construction industry.
590 ## - LOCAL NOTE (RLIN)
Local note KA
651 #4 - SUBJECT ADDED ENTRY--GEOGRAPHIC NAME
Geographic name International
690 ## - LOCAL SUBJECT ADDED ENTRY--TOPICAL TERM (OCLC, RLIN)
Topical term or geographic name as entry element LAW-INTERNATIONAL
856 48 - ELECTRONIC LOCATION AND ACCESS
Uniform Resource Identifier <a href="https://www.pwc.com/th/en/publications/confronting-corruption.jhtmlzTo view this report access pwc.com website.">https://www.pwc.com/th/en/publications/confronting-corruption.jhtmlzTo view this report access pwc.com website.</a>
942 ## - ADDED ENTRY ELEMENTS (KOHA)
Suppress in OPAC 0
Holdings
Withdrawn status Lost status Source of classification or shelving scheme Damaged status Not for loan Home library Current library Shelving location Date acquired Total Checkouts Full call number Barcode Date last seen Price effective from Koha item type
    Dewey Decimal Classification     Virtual Virtual Online 19/05/2010   ONLINE PUBLICATION 149942-2001 06/08/2019 06/08/2019 Journal article